000 00515cam a22002054a 4500
005 20250605164324.0
008 250528s ||||||||||||||||||||||||d
035 _a22969
020 _a9780521533003
040 _aGR-AtMCL
_bgre
_dGR-AtMCL
_eAACR2
245 1 _aSTEP UP TO IELTS PERSONAL STUDY BOOK
250 _a1
260 _bCambridge University Press,
_c2004
300 _a80
700 1 _aJakeman Vanessa
_97627
700 1 _aMcdowell Clare
_97628
942 _cBK
999 _c8011
_d8011